[Event "FIDE-Wch k.o."]
[Site "Groningen"]
[Date "1997.12.19"]
[Round "4.4"]
[White "Dreev, Alexey"]
[Black "Zvjaginsev, Vadim"]
[Result "1-0"]
[WhiteElo "2640"]
[BlackElo "2635"]
[Annotator "Finkel,A"]
[PlyCount "67"]
[EventDate "1997.12.09"]
[EventType "k.o."]
[EventRounds "7"]
[EventCountry "NED"]
[SourceTitle "CBM 063"]
[Source "ChessBase"]
[SourceDate "1998.03.26"]
[SourceVersion "1"]
[SourceVersionDate "1998.03.26"]
[SourceQuality "1"]

1. d4 {Ftacnik} Nf6 2. c4 e6 3. Nc3 Bb4 4. Qc2 O-O 5. a3 Bxc3+ 6. Qxc3 b6 7.
Bg5 Ba6 8. e3 d6 9. Bd3 Nbd7 10. b4 (10. Ne2 c5 11. b4 h6 (11... Rc8 12. dxc5
bxc5 13. b5 Bb7 14. O-O h6 15. Bh4 d5 (15... Re8 $5 16. Rfd1 Nd5 $11 {1/2-1/2
Hoang Than Trang-Aagaard,J/Budapest FS08 GM (06)/ 1996}) 16. Rfd1 Ne4 17. Bxd8
(17. Bxe4 Qxh4 18. Nf4 (18. Ng3 $5 {Ftacnik} Nf6 19. Bf3 $11) 18... d4 19. Qc2
Bxe4 20. Qxe4 e5 $11) 17... Nxc3 18. Nxc3 Rcxd8 (18... Rfxd8 19. cxd5 exd5 20.
Bf5 $14) 19. cxd5 exd5 20. Be2 (20. Na4 $5 {Ftacnik} f5 $1 21. Be2 Rf6 22. Bf3
Rd6 23. Rac1 Rc8 $11) 20... Nb6 21. Rd2 (21. Bf3 d4 22. Bxb7 dxc3 23. Rdc1 Na4
$36) 21... d4 22. Rad1 Rc8 $1 $132 {Vera,R-Lalic,B/Anibal op4th 1997 (41)}) 12.
Bh4 cxd4 13. exd4 Rc8 14. Qb3 {[%cal Yb4b5]} e5 15. b5 $5 Bb7 16. O-O e4 17.
Bb1 Qc7 18. Ba2 d5 19. Qa4 Qb8 20. Bg3 Qa8 21. Nc3 $36 {Baburin,A-Rozentalis,E/
Copenhagen PC 1996 (31)}) 10... c5 11. dxc5 bxc5 12. b5 (12. Ne2 $6 Ne5 13. O-O
cxb4 14. axb4 Bxc4 $1 15. Bxc4 Rc8 16. Rxa7 Rxc4 17. Qb3 Qb6 $15 {Linauskas
Dainius-Nikolenko Oleg/It (open), Katowice (Poland) 1995/1/2-1/2 (43)}) 12...
Bb7 13. Nf3 (13. f3 {Ftacnik} a6 $1) 13... Qb6 ({Deserved attention} 13... d5
$5 14. O-O Re8 15. Nd2 h6 16. Bh4 Qb6 {with unclear position;1/2-1/2 Hoang
Thang Trang-Gonzalez Garcia,J/FSGM Dec, Budapest HUN 1997}) (13... a6 $5 {
Ftacnik} 14. a4 axb5 15. axb5 Rxa1+ 16. Qxa1 Qa8 17. Qxa8 Rxa8 18. O-O Be4 $15)
14. O-O Ne4 15. Bxe4 (15. Qc2 {Ftacnik} f5 $13) 15... Bxe4 16. Nd2 $14 {
Weakness of pawn d6 and the fact that black lightsquared bishop is restricted
by white pawns make white chanses preferable.} Bg6 (16... Bb7 {Ftacnik} 17. a4)
17. a4 Rac8 (17... d5 $5) (17... f5 {Ftacnik} 18. f3) 18. e4 f5 {Ftacnik:
White enjoys the superiority on the queenside, so black needs some counterplay
in the center.} (18... f6 {Ftacnik} 19. Be3 Bf7 20. a5 Qc7 21. f4 $14) 19. f3 (
19. exf5 {Ftacnik} Bxf5 20. Qg3 Ne5 $11) 19... Rf7 $6 {Too passive.Better was}
(19... fxe4 $5 20. fxe4 (20. Nxe4 d5 21. Rad1 $1 Bxe4 22. fxe4 d4 23. Qg3 Rxf1+
24. Rxf1 Rf8 $11) 20... Rxf1+ 21. Rxf1 Rf8 22. Rd1 Ne5 {with good chanses to
equalize.}) 20. Rae1 e5 (20... Rcf8 $2 {Ftacnik} 21. exf5 Bxf5 22. g4 Bg6 23.
Rxe6 $16) 21. exf5 Bxf5 22. Ne4 {[%csl Rd6] Reminding black that the pawn on
d6 needs protection.} Nf8 (22... Rcf8 {Ftacnik} 23. a5 Qc7 24. Qd2 Bxe4 25.
Rxe4 Nf6 26. Re3 $14) 23. Bh4 Rd7 (23... Ng6 {Ftacnik} 24. Bg3 $14) (23... Ne6
{Ftacnik} 24. a5 Qc7 25. Qd2 Nd4 26. f4 Bg6 27. Bg3 $11) 24. Qd2 Ne6 {The
knight marches to d4, but causes a small tactical tragedy on its way.} (24...
Be6 {Ftacnik} 25. a5 Qc7 26. Rc1 d5 27. cxd5 Rxd5 28. Qg5 Ng6 29. Bf2 $14) 25.
f4 $1 $16 {Unexpected breakthrough causing black a lot of troubles.} Bxe4 $8 (
25... Nxf4 $2 26. Rxf4 exf4 (26... Be6 {Ftacnik} 27. Ng5 exf4 28. Nxe6 $18) 27.
Qd5+ Kh8 28. Qxf5 $18) (25... exf4 26. Qd5 $1 Rf8 27. Ng5 $18) 26. Rxe4 Nd4 $2
{After this strange move black's chanses to survive are slim.Correct was} (
26... Nxf4 $1 27. Rxe5 (27. Bg3 Qb7 $1) (27. Rfxf4 {Ftacnik} exf4 28. Qd5+ Rf7
(28... Kh8 29. Qe6 $16) 29. Be7 $13) 27... dxe5 28. Qxd7 Rf8 29. Re1 Qg6 30.
Bg3 $14) 27. fxe5 dxe5 (27... d5 {Ftacnik} 28. cxd5 Rxd5 29. Qf2 $18) 28. Qg5
$18 {All isolated balck pawn are vulnerable and the mighty knight on d4 has no
future.} h6 (28... Qe6 {Ftacnik} 29. Qxe5 Qg6 (29... Qxc4 30. Qe8+ $1 Rxe8 31.
Rxe8#) 30. Bg3 $18) 29. Qg4 (29. Qxe5 $18) (29. Qxe5 {Ftacnik} Qg6 $16) 29...
Qc7 30. Bg3 Qb7 (30... Re8 {Ftacnik} 31. Bxe5 Qd8 32. a5 $18) 31. Rxe5 Rf8 $2 (
31... Rdd8 {Ftacnik} 32. a5 $18) 32. Rxf8+ Kxf8 33. Rxc5 Kg8 34. h3 1-0

[Event "Ljubljana"]
[Site "Ljubljana"]
[Date "1997.??.??"]
[Round "2"]
[White "Jelen, Igor"]
[Black "Farago, Ivan"]
[Result "1-0"]
[WhiteElo "2405"]
[BlackElo "2470"]
[Annotator "Finkel,A"]
[PlyCount "121"]
[EventDate "1997.05.20"]
[EventType "tourn"]
[EventRounds "11"]
[EventCountry "SLO"]
[EventCategory "9"]
[SourceTitle "CBM 058 Extra"]
[Source "ChessBase"]
[SourceDate "1997.07.29"]
[SourceVersion "1"]
[SourceVersionDate "1997.07.29"]
[SourceQuality "1"]

{[%mdl 14368]} 1. d4 {Hecht.} Nf6 2. c4 e6 3. Nc3 Bb4 4. Qc2 O-O 5. a3 Bxc3+ 6.
Qxc3 b6 7. Bg5 Bb7 8. f3 h6 9. Bh4 d5 10. e3 Nbd7 11. cxd5 Nxd5 12. Bxd8 Nxc3
13. Bh4 Nd5 14. Bf2 c5 15. Bb5 $5 {Interesting move.More popular 15.e4
promises white symbolic advantage.Let's see a couple of examples:} (15. e4 $5
Nf4 (15... N5f6 $5 16. dxc5 Nxc5 17. Bxc5 $6 bxc5 18. Rc1 Rac8 $11 {James,
D-Markowski,T/London Lloyds 1994 (41)}) 16. Bb5 Rfd8 {N} (16... Nf6 17. Ne2
Nxe2 18. Kxe2 cxd4 19. Bxd4 Nh5 20. Be3 f5 21. exf5 Rxf5 22. Bd3 Nf4+ $132 {
Gurevich,M-Van der Wiel,J/Antwerpen (08) 1993 (28)}) (16... Rad8 $5 17. g3 (17.
Ne2 a6 18. Nxf4 axb5 19. dxc5 bxc5 20. a4 bxa4 21. Rxa4 $11) 17... Ng6 18. Rd1
f5 19. exf5 exf5 $132 {Jelen,I-Oniscuk,A/Open 1996 (34)}) 17. Ne2 Nxe2 18. Kxe2
cxd4 19. Bxd4 Rac8 20. Rac1 Nb8 $1 21. Be3 Nc6 22. Rc3 $14 {Brunner,L-Almasi,Z/
Horgen-B 1995 (41)}) 15... Rad8 (15... N5f6 $5 16. Ne2 a6 17. Ba4 b5 18. Bc2
cxd4 19. Nxd4 Rac8 $11 {Ljubojevic,L-Kramnik,V/Amber-rapid6th 1997/EXP 57/0-1 
(63)}) 16. Ne2 cxd4 (16... N5f6 $5 17. Rd1 a6 18. Ba4 c4 19. e4 b5 20. Bc2 $14)
(16... a6 $2 17. Bxd7 Rxd7 18. e4 Nf6 19. dxc5 bxc5 20. Bxc5 $16) 17. Nxd4 a6
18. Be2 Nc5 (18... Rc8 $5 19. Kd2 $5 Rfd8 20. Rhc1 Nc5 21. Ke1 e5 22. Nf5 Nb3
23. Rxc8 Bxc8 24. Rd1 $14) 19. O-O Na4 (19... e5 20. Nf5 Bc8 21. e4 $1 Nf4 (
21... Bxf5 22. Bxc5 bxc5 23. exf5 Ne3 24. Rf2 $14) 22. Ne7+ Kh7 23. Bc4 $14)
20. Rab1 Rc8 (20... Rd7 $5 21. Rfc1 (21. Rfd1 Rfd8 22. Rd2 Nf6 $11) 21... Rfd8
22. Rc2 Kf8 $132) 21. Rfd1 Rfd8 22. Rd2 Ne7 $6 {White has a pair of bishops,
but good position of pieces fully compensates black for lack of it.From this
moment black starts to move his pieces without plan and his position slowly
deteriorates.} (22... b5 $5 23. Rbd1 Ndb6 24. Bh4 g5 25. Bg3 Nc4 26. Bxc4 bxc4
$132) 23. Rbd1 Rc7 24. Bg3 Rcd7 25. Kf2 {[%cal Gd2d8]} (25. Nxe6 $5 Rxd2 26.
Nxd8 Rxd1+ (26... Rxe2 $2 27. Nxb7 Nxb2 28. Rd8+ Kh7 29. e4 $16) 27. Bxd1 Nxb2
28. Bb3 Bd5 29. Bxd5 Nxd5 $13) 25... Nf5 $6 26. Nxe6 $1 {Tactical blow
transforming the game into ending with huge advantage of white.} Rxd2 27. Nxd8
Rxd1 28. Bxd1 Nxb2 29. Bb3 Nd3+ 30. Kg1 $16 Nxg3 31. hxg3 Nc5 32. Bxf7+ Kf8 33.
Nxb7 Nxb7 {Hecht: [#] In the end, White will win with his central pawn mass
and powerful bishop. Therefore Black eliminates the queen's wing in the hope
of a dark-squared blockade of the White pawns. But the price is high--the
knight astray on h1! Hecht: [#] Auf Dauer wird Weiß mit seiner zentralen
Bauernmasse und dem starken Läufer gewinnen. Deshalb eleminiert Schwarz den
Damenflügel in der Hoffnung auf eine schwarzfeldrige Blockade der weißen
Bauern. Der Preis ist hoch - es ist der verirrte Sh1!} 34. Bd5 $18 {The end of
forced variation.White is a pawn up and black's defensive task is extremly
difficult.} Nd6 35. Kf2 a5 36. e4 a4 37. Ke3 Nb5 38. Bc6 Nxa3 39. Bxa4 b5 40.
Bb3 b4 41. g4 $6 {Creating to himself problems.Much simplier was} (41. Kd4 $1
Ke7 42. Kc5 Nb1 43. Kxb4 Nd2 44. Bc4 $1 $18) (41. f4 {Hecht} h5 $13) 41... Nb1
42. Bc4 Ke7 43. Bd3 Nc3 44. Kd4 Nd1 45. Bc4 Nc3 46. Kc5 Nd1 47. Kxb4 Kd6 48.
Be2 Nf2 (48... Ne3 {Hecht} 49. g3 Nc2+ 50. Kc3 Na3 51. Kb2 $18) 49. Kc4 Ke5 50.
Kc3 g5 51. Bb5 Nh1 {Hecht: [#]} (51... Nd1+ {Hecht} 52. Kd2 Nb2 53. Kc2 $18) (
51... Kf4 {Hecht} 52. Kd4 $18 {[%cal Re4e5,Re5e6,Re6e7,Re7e8]}) 52. Kd3 Ng3 53.
Be8 (53. Ke3 {Hecht} Nh1 54. Bc4) 53... Nh1 54. Ke3 Ng3 55. Bf7 Kf6 56. Bh5 Ke5
57. Be8 Nh1 58. Bb5 Ng3 (58... Ke6 {Hecht} 59. Kd4 Ng3 60. Bc4+ Kd6 61. e5+ Ke7
62. Ke3 h5 63. gxh5 Nxh5 64. g4 Nf4 (64... Ng3 65. Kf2 $18) (64... Ng7 65. Ke4
Kd7 66. f4 $18) 65. Ke4 Nh3 66. Bf1 Nf4 67. Kf5 Ne6 68. Bc4 $18) 59. Kf2 Nh1+
60. Kg1 Ng3 61. Kh2 (61. Kh2 {Hecht} Kf4 62. e5 $18) 1-0

[Event "FRA-ch"]
[Site "Narbonne"]
[Date "1997.08.17"]
[Round "3"]
[White "Hauchard, Arnaud"]
[Black "Bauer, Christian"]
[Result "0-1"]
[WhiteElo "2485"]
[BlackElo "2525"]
[Annotator "Finkel,A"]
[PlyCount "82"]
[EventDate "1997.08.15"]
[EventType "tourn"]
[EventRounds "15"]
[EventCountry "FRA"]
[EventCategory "9"]
[SourceTitle "CBM 061"]
[Source "ChessBase"]
[SourceDate "1997.11.23"]
[SourceVersion "1"]
[SourceVersionDate "1997.11.23"]
[SourceQuality "1"]

1. d4 Nf6 2. c4 e6 3. Nc3 Bb4 4. Qc2 O-O 5. a3 Bxc3+ 6. Qxc3 Qe8 $5 {Quiet
rare continuation leading to complicated positional battle.} 7. g3 d6 8. Nf3 a5
9. b3 a4 10. b4 b5 11. c5 (11. Bg2 $5 bxc4 12. Qxc4 Ra7 13. O-O Nd5 14. Qc2 f5
15. e4 fxe4 16. Qxe4 $13 {Dzevlan,M-Sjoberg,M/Rilton Cup op9394 1993/EXT 93op 
(33)}) 11... Bb7 12. Bg2 Be4 (12... Bd5 $5 13. O-O Nc6 14. Bb2 Ne7 15. Rfe1 Ne4
16. Qc2 f5 17. Nd2 Nxd2 $132 {Gurevich,M-Adams,M/Palma de Mallorca GMA 1989/TD
89\13/1-0 (57)}) 13. Qe3 (13. O-O $6 Nd5 14. Qd2 f5 15. Re1 f4 16. Nh4 Bxg2 17.
Nxg2 Qg6 $36 {Chekhov,V-Sjoberg,M/Kecskemet 1991/EXP 23/1/2-1/2 (57)}) 13...
Qc6 {Logical development of black's opening strategy.} 14. O-O Qd5 15. Bb2 Nc6
16. Rfc1 $5 Ne7 17. Bf1 Qh5 18. h3 Ned5 19. Qd2 h6 (19... Bxf3 $6 20. exf3 Qxf3
21. Bxb5 Ne4 22. Qe2 $14) 20. Qe1 $1 {Finally threatening to move the knight
from f3,and now black is forced to take the knight and to give white the
advantage of bishop's pair over two knights,which is in most of the cases is
quiet important one.} Bxf3 21. exf3 Rab8 22. Kg2 (22. Qe2 Rfd8 23. cxd6 cxd6
24. Rc6 Ne7 25. Rc2 $14) 22... Qg6 23. Qd2 Nh7 24. Re1 $6 {Very strange
decision to remove the rook from semi-open c-file and to put it on e1 where it
is out of play.Simple} (24. cxd6 cxd6 25. Rc6 Rfd8 26. Rac1 Qh5 27. Be2 $16 {
[%csl Rb5] would promise white serious advantage.}) 24... f5 25. Rad1 Rfe8 26.
Bd3 Ng5 27. h4 Nf7 $132 28. Kh2 (28. Re2 Qf6 29. Rde1 g5 30. Rh1 Kg7 31. Ree1
$13) 28... Qh5 29. Qe2 g5 $2 {Giving up the queenside and hoping to create
something on the kingside,which seems to be impossible.Deserved attention} (
29... c6 30. cxd6 Nxd6 31. Rc1 Rbc8 32. Rc2 Qf7 33. Rec1 $36 {with playable
position.}) 30. Kg2 $6 (30. Bxb5 $1 Re7 (30... gxh4 31. g4 Qg5 32. Bxe8 Qf4+
33. Kh1 $18) 31. Kg2 gxh4 32. Bc6 $1 hxg3 33. fxg3 f4 34. g4 $16) 30... gxh4
31. Rh1 $2 {After this move white not only loses his advantage,but creates to
himself problems,which are not so easy to solve.} (31. Bxb5 $5) 31... Ng5 $1
$40 32. f4 (32. Rxh4 Qxh4 $1 33. gxh4 Nf4+ 34. Kh1 Nxe2 35. hxg5 Nf4 $17) 32...
h3+ 33. Kf1 Nf3 34. Qc2 (34. Bxb5 Re7 $1 {[%cal Ge7g7,Gg7g1,Gb8e8]} (34... Rxb5
35. Qxb5 Nh2+ 36. Ke1 Nf3+ 37. Kf1 $11) 35. Bc4 h2 36. Qd3 Nxf4 $1 37. gxf4 Rg7
38. Bxe6+ Kf8 39. Qxf5+ Qxf5 40. Bxf5 Re8 $1 $19) 34... h2 35. Kg2 Nxf4+ $1 36.
gxf4 Re7 $1 $19 37. d5 e5 38. Kf1 Rg7 39. Qc1 Rg1+ 40. Ke2 Nd4+ 41. Kd2 Rxh1
0-1

[Event "Lee Cup 4th"]
[Site "Beijing"]
[Date "1997.08.25"]
[Round "3"]
[White "Alterman, Boris"]
[Black "Li, Wenliang"]
[Result "1-0"]
[WhiteElo "2615"]
[BlackElo "2410"]
[Annotator "Finkel,A"]
[PlyCount "103"]
[EventDate "1997.08.23"]
[EventType "swiss"]
[EventRounds "11"]
[EventCountry "CHN"]
[SourceTitle "CBM 061"]
[Source "ChessBase"]
[SourceDate "1997.11.23"]
[SourceVersion "1"]
[SourceVersionDate "1997.11.23"]
[SourceQuality "1"]

1. d4 Nf6 2. c4 e6 3. Nc3 Bb4 4. Qc2 O-O 5. a3 Bxc3+ 6. Qxc3 b6 7. Bg5 Bb7 8.
e3 d6 9. f3 Nbd7 10. Bd3 c5 11. Ne2 h6 12. Bh4 Rc8 13. b4 (13. O-O Ba6 14. a4
$6 (14. Rad1 d5 $5 (14... cxd4) 15. cxd5 Bxd3 16. Qxd3 exd5 17. dxc5 $14) 14...
cxd4 15. exd4 d5 16. b3 dxc4 17. Bxc4 Re8 18. Rfd1 Rc6 $15 {Granda Zuniga,
J-Georgiev,K/Groningen PCA 1993/CBM 39/0-1 (44)}) 13... d5 14. dxc5 bxc5 15. b5
(15. cxd5 cxb4 16. Qxb4 Nc5 17. O-O Bxd5 18. Rfd1 Nxd3 {1/2-1/2 Hoang Than
Trang-Lukacs,P/Budapest FS02 GM 1996/EXP 51}) 15... Qc7 (15... Nb6 $5 16. Bxf6
$5 Qxf6 17. Qxf6 gxf6 18. cxd5 Bxd5 $132 {Sorokin,M-Atalik,S/Cheliabinsk-A
1991/EXT 91 (53)}) (15... e5 $5 16. cxd5 g5 17. Bf2 c4 $1 18. Bf5 Nxd5 19. Qd2
Nc5 $1 $40 {Skomorokhin,R-Moizhess,I/Moscow op 1995/EXP 46 (33)}) 16. O-O e5
17. Bf5 $1 $14 {Typical move for this kind of position causing black certain
discomfort.} d4 18. Qd2 Rce8 19. e4 Kh8 {Preparing g5 and hoping to get some
counterplay on the kingside becuase on the queenside white's preponderence is
beyond the question.} 20. Nc1 g5 21. Nd3 Rg8 (21... a6 22. a4 Rb8 23. Bg3 Rfd8
24. Qb2 $14) 22. a4 Nf8 {Finally threatening to take the bishop.} 23. Bg3 Ng6
24. a5 Qd6 25. Qb2 $1 $16 {[%csl Rc5] White's play on the queenside is much
more dangerous than black's attempts to create something on the kingside.} g4
26. Qa3 gxf3 27. Qxc5 Qb8 28. Rae1 $6 (28. Bxg6 $5 Nd7 $8 (28... Rxg6 29. Bxe5
Rxg2+ 30. Kh1 Rxe5 31. Nxe5 Nxe4 32. Qxd4 $18) 29. Nxe5 $1 Nxc5 (29... Nxe5 30.
Bf5 (30. Bxf7 $5 Rxg3 $1 31. hxg3 Nxf7 32. Qxd4+ Kg8 33. Rxf3 $16) 30... fxg2
31. Kxg2 d3 32. Qe3 Rg5 33. c5 $16) 30. Nxf7+ Kg7 31. Bxb8 Rxb8 (31... Kxg6 32.
Bxa7 fxg2 33. Rf3 Bxe4 34. Nh8+ $1 Rxh8 35. Rg3+ Kf5 36. Bxc5 $18) (31... fxg2
32. Be5+ Kxg6 33. Rf6+ Kg7 34. Rf3+ Kh7 35. Bxd4 Nxe4 36. a6 $16) 32. Bh5 fxg2
33. Kxg2 Bxe4+ 34. Kh3 $16) 28... fxg2 29. Rf3 Nh5 $132 30. a6 Ba8 31. Re2 (31.
Bxg6 $6 Nxg3 $1 32. hxg3 Rxg6 33. Kxg2 f6 34. Qb4 Reg8 $15) 31... Nxg3 32. hxg3
f6 33. Nf2 h5 34. Nd3 Rg7 35. Rxg2 Ne7 36. Nf2 Reg8 $6 {A loss of time which
proves to be crucial.Deserved attention} (36... Nxf5 37. Rxf5 Rc8 38. Rxh5+ Kg8
39. Qa3 Rxc4 {with extremly complicated position.}) 37. Be6 $1 $16 Rf8 38. Rh2
{[%cal Gh2h8]} Rh7 39. Bf5 Nxf5 40. Rxf5 Rg8 {[%cal Gg8g3]} 41. Rfxh5 Rxg3+ 42.
Kf1 Rgg7 (42... Rxh5 $2 43. Rxh5+ Kg8 44. Qe7 $1 {[%csl Rg8]} Rg7 45. Qe6+ $1
Rf7 46. Qh3 $1 $18) 43. Rxh7+ Rxh7 44. Rxh7+ Kxh7 45. Qe7+ Kg6 46. Qd7 Qf8 47.
Qf5+ Kg7 48. Ng4 {[%csl Ra8] The difference in strength between white knight
on g4 and black bishop on a8 makes this ending compleatly hopeless for black.}
Qf7 49. Kf2 Qe7 50. c5 $1 $18 Bxe4 (50... Qxc5 51. Qxf6+ Kg8 52. Qg5+ Kf8 53.
Qd8+ Kg7 54. Qxa8 $18) 51. Qxe4 Qxc5 52. Qc6 1-0

[Event "SUI-ch int"]
[Site "Chiasso"]
[Date "1991.??.??"]
[Round "?"]
[White "Flear, Glenn C"]
[Black "Summermatter, Daniel"]
[Result "0-1"]
[WhiteElo "2515"]
[BlackElo "2350"]
[Annotator "Flear,G"]
[PlyCount "74"]
[EventDate "1991.??.??"]
[EventType "tourn"]
[EventRounds "11"]
[EventCountry "SUI"]
[EventCategory "7"]
[SourceTitle "EXT 1999"]
[Source "ChessBase"]
[SourceDate "1998.11.16"]
[SourceVersion "1"]
[SourceVersionDate "1998.11.16"]
[SourceQuality "1"]

1. d4 Nf6 2. c4 e6 3. Nc3 Bb4 4. Qc2 O-O 5. a3 Bxc3+ 6. Qxc3 b6 7. Bg5 Bb7 8.
e3 h6 9. Bh4 d6 10. f3 Nbd7 11. Bd3 c5 12. Ne2 Rc8 13. Qd2 Ba6 14. Rc1 cxd4 15.
exd4 d5 16. cxd5 Bxd3 17. dxe6 Bxe2 18. Rxc8 Qxc8 19. exd7 Qxd7 20. Kxe2 Re8+
$1 (20... g5 21. Bg3 Re8+ 22. Be5 $1 Nh5 23. Kd1 Rd8 24. h4 $1 $16) 21. Kf2 (
21. Kd1 Qf5 22. Re1 Qb1+ $11) 21... Ne4+ $1 $11 22. fxe4 Rxe4 23. Re1 (23. Bg3
Rxd4 (23... Qf5+ $2 24. Kg1 { h3+-}) 24. Qe3 $1 Qf5+ (24... Rd3 25. Qe4) (
24... Rd2+ 25. Kg1 Qd5 26. Bf2) 25. Kg1 Qb1+ 26. Kf2 $1 Qxb2+ (26... Qf5+ $11)
27. Kf3 $5 $13) 23... Rxh4 24. d5 Qd6 (24... Rxh2 25. d6 Qh3 26. Re8+ (26. Qd5
Qh4+ 27. Ke2 Qg4+ 28. Kf2 Qh4+ $11) 26... Kh7 27. Qc2+ f5 28. Qc6 Qh4+ 29. Ke2
Qg4+ 30. Kf2 Qh4+ $11) 25. Re8+ Kh7 26. Qd3+ g6 (26... Qg6 $2 27. Qxg6+ Kxg6
28. Ke3 Rh5 29. Kd4 $16 {›d}) 27. Qc3 Rf4+ 28. Ke2 (28. Ke1 Rf6 (28... Qf6 $13)
29. Qc8 g5 30. Rh8+ Kg6 31. Rg8+ $11 (31. Qc2+ $4 Kh5 32. Qe2+ g4 33. h3 Qg3+
34. Kd1 Rd6 $1 $19)) 28... Rf6 (28... Qf6 $2 29. Qxf6 Rxf6 30. Ke3 Rf1 31. Ra8
$16) 29. Qc8 g5 $8 30. Rh8+ Kg6 31. Qc2+ $4 (31. Rg8+ Kh7 32. Rh8+ $11) 31...
Kh5 $19 32. Qc3 g4 33. Rg8 (33. Qd4 Rf5) 33... Rf5 34. Qb4 Qe5+ 35. Kd3 Qxd5+
36. Kc3 Qxg2 37. Qd4 Qc6+ 0-1

[Event "WchT 2nd"]
[Site "Luzern"]
[Date "1989.??.??"]
[Round "9.2"]
[White "Beliavsky, Alexander G"]
[Black "Rodriguez Cespedes, Amador"]
[Result "1-0"]
[WhiteElo "2620"]
[BlackElo "2505"]
[Annotator "Ftacnik,L"]
[PlyCount "107"]
[EventDate "1989.10.27"]
[EventType "team-tourn"]
[EventRounds "9"]
[EventCountry "SUI"]
[SourceTitle "CBM 016"]
[Source "ChessBase"]
[SourceDate "1990.06.01"]
[SourceVersion "1"]
[SourceVersionDate "1990.06.01"]
[SourceQuality "1"]
[WhiteTeam "Soviet Union"]
[BlackTeam "Cuba"]
[WhiteTeamCountry "URS"]
[BlackTeamCountry "CUB"]

1. d4 Nf6 2. c4 e6 3. Nc3 Bb4 4. Qc2 O-O 5. a3 Bxc3+ 6. Qxc3 b6 7. Bg5 Bb7 8.
f3 h6 9. Bh4 d5 10. cxd5 exd5 11. e3 Re8 12. Nh3 Nbd7 13. Be2 Qe7 (13... c5 14.
O-O c4 $5 15. b3 b5 $13) 14. Bf2 c5 15. O-O Rac8 16. Rfe1 Nf8 {N} (16... cxd4
17. Qxd4 Nc5 18. Rad1 Ne6 19. Qd2 Nc5 20. Bb5 Red8 21. Nf4 g5 22. b4 $16 {
Beliavsky,A-Vaganian,R/Odessa ch-SU/1-0/28/}) 17. Bf1 Ne6 18. Qd2 Nh7 19. Nf4
Red8 20. Rad1 Nf6 21. Bd3 Qd6 22. Ne2 Bc6 23. Bh4 Ng5 24. Rc1 Bb7 25. Bf5 Rc6
26. b4 cxb4 (26... c4 $2 27. b5 Rc7 28. Bg3) 27. axb4 $16 Re8 28. b5 Rxc1 29.
Rxc1 Qe7 30. Bf2 a6 31. bxa6 Bxa6 32. Rb1 Qd8 33. Bd3 Bxd3 34. Qxd3 Re6 35. h4
Ngh7 36. Nf4 Rc6 37. Qb5 Qd7 38. Kh2 Nf8 39. Bg3 Rc3 40. Bf2 Rc2 41. Qxd7 N8xd7
42. Kg1 Ra2 43. h5 Kh7 44. Be1 Ra3 45. Kf2 Ra2+ 46. Kf1 Ra6 47. Rb5 Nf8 48. g4
Ne6 49. Nxd5 Nxd5 50. Rxd5 Ra2 51. f4 Rb2 52. Bg3 b5 53. g5 hxg5 54. f5 {
Ftacnik} 1-0

[Event "Lisbon zt"]
[Site "Lisbon"]
[Date "1993.??.??"]
[Round "8"]
[White "Gomez Esteban, Juan Mario"]
[Black "Contin, Daniel"]
[Result "0-1"]
[WhiteElo "2410"]
[BlackElo "2395"]
[Annotator "Ftacnik,L"]
[PlyCount "66"]
[EventDate "1993.03.??"]
[EventType "tourn"]
[EventRounds "11"]
[EventCountry "POR"]
[EventCategory "7"]
[SourceTitle "CBM 035"]
[Source "ChessBase"]
[SourceDate "1993.08.01"]
[SourceVersion "1"]
[SourceVersionDate "1993.08.01"]
[SourceQuality "1"]

1. d4 Nf6 2. c4 e6 3. Nc3 Bb4 4. Qc2 O-O 5. a3 Bxc3+ 6. Qxc3 b6 7. Bg5 Bb7 8.
f3 c5 9. e4 $6 (9. e3 cxd4 10. Qxd4 Nc6 11. Qd6 Ne4 12. Bxd8 Nxd6 13. Bh4 Ba6
14. b3 Nf5 15. Bf2 Na5 16. Rb1 d5 17. cxd5 Bxf1 18. Kxf1 exd5 19. g4 Ne7 20.
Ne2 Rac8 21. Rb2 f5 22. Kg2 fxg4 23. fxg4 h5 24. gxh5 $13 {Karpov,
An-Ljubojevic,L/Reykjavik WCup (08)/1991/}) (9. dxc5 $1 bxc5) 9... cxd4 (9...
Nxe4 $2 10. Bxd8 Nxc3 11. Be7 Re8 12. Bd6 Na4 13. b3 Nc3 14. dxc5 $16) 10. Qxd4
Nc6 11. Qe3 (11. Bxf6 $2 Nxd4 12. Bxd8 Nc2+ 13. Kd1 Nxa1 14. Be7 Rfe8 15. Bb4
d5 $19) 11... h6 12. Bf4 (12. Bh4 $2 Ng4 $1 13. Bxd8 Nxe3 14. Kf2 Nxf1 $19)
12... d5 $1 13. exd5 exd5 14. O-O-O Re8 15. Qf2 Rc8 16. Kb1 (16. cxd5 Nxd5 17.
Ne2 Qf6 $19) 16... Qd7 17. Bd3 (17. g3 Ne5 18. Bh3 Qa4 $17) 17... Na5 (17...
dxc4 $2 18. Bh7+ Kxh7 19. Rxd7 Nxd7 20. Ne2 $13) 18. Ne2 (18. cxd5 Nxd5 19. Nh3
Qa4 $40) 18... Ba6 19. Nd4 (19. cxd5 Bxd3+ 20. Rxd3 Qf5 21. Rhd1 Rxe2 22. Qxe2
Qxf4 $17) 19... Bxc4 20. Bf5 Qa4 21. Bc2 $6 (21. Bxc8 Rxc8 22. Rhe1 $13) 21...
Bb3 $1 22. Nxb3 Qxf4 23. Nxa5 bxa5 24. Rd4 Qe5 25. h4 Rb8 26. Rhd1 Rec8 27. g4
Rb6 28. Re1 Qd6 29. g5 Qxa3 30. Bf5 Rcb8 31. Re2 hxg5 32. hxg5 Nh5 33. Rh4 g6 (
33... g6 34. Bd7 Qd3+ $19) 0-1